000 00499nam a22001457a 4500
003 MACL
005 20171108153604.0
008 171108b xxu||||| |||| 00| 0 eng d
040 _cMACL
100 _aबी ए बी
_969422
245 _aमध्‍यप्रदेश पटवारी भर्ती परीक्षा 2017
260 _aभोपाल
_bबी ए बी पब्लिकेशन्‍स
_c2017
650 _aसामान्‍य
_969423
942 _2ddc
_cHIN
999 _c57154
_d57154